| 000 | 00853nam a2200229 a 4500 | ||
|---|---|---|---|
| 999 |
_c6586 _d6586 |
||
| 001 | 6586 | ||
| 003 | BD-JhCC | ||
| 005 | 20200402134008.0 | ||
| 008 | 180125s2001 bg a|||| |||| 000 0 mul d | ||
| 035 | _a(BD-JhCC)6586 | ||
| 040 |
_aBD-JhCC _dBD-JhCC |
||
| 041 | _aBengali and English | ||
| 082 |
_a512 _bUZZ 2001 |
||
| 100 | _aউজ-জামান, আফসার | ||
| 245 |
_aউচ্চ মাধ্যমিক বীজগণিত ও ত্রিকোণমিতি : _bএকাদশ ও দ্বাদশ শ্রেণীর জন্য / _cপ্রফেসর আফসার উজ-জামান |
||
| 250 | _a3rd Edi. | ||
| 260 |
_aঢাকা : _bআইডিয়াল লাইব্রেরী, _c2001. |
||
| 300 |
_aVerious Pages : _billus., _c24 cm. |
||
| 650 | _aAlgebra | ||
| 942 |
_2ddc _cBK _02 |
||